Rock Guitarists-Sudden Death! - Statistics

General Stats
  • This quiz has been taken 570 times
  • The average score is 4 of 16
Answers on the Grid
Answers color-coded by a green-red scale on the quiz's grid according to % correct below.
John Bonham
Keith Moon
Vince Neil
Tommy Lee
Neil Peart
Ted Nugent
Geddy Lee
Rick Savage
George Harrison
Randy Rhoads
Dave Grohl
James Hetfield
Kurt Cobain
Kirk Hammett
John Lennon
Mick Mars
Joe Elliot
Mitch Mitchell
Eric Bloom
Angus Young
Don Dokken
Dimebag Darrel
David Lee Roth
Dave Meniketti
Carlos Cavazo
Billie Joe Armstrong
Joan Jett
Jimmy Page
 
Answer Stats
Answer % Correct
Jimmy Page
51%
Angus Young
43%
Kurt Cobain
43%
George Harrison
41%
Kirk Hammett
38%
James Hetfield
36%
John Lennon
35%
Dimebag Darrel
31%
Randy Rhoads
30%
Ted Nugent
21%
Joan Jett
18%
Mick Mars
18%
Vince Neil
6%
Carlos Cavazo
5%
Rick Savage
4%
Dave Meniketti
2%
No matching quizzes found
Score Distribution
Percent of People with Each Score
Percentile by Number Answered
Your Score History
You have not taken this quiz